00258nam a22001097a 450000500170000008200140001724500540003126000340008530000080011949000120012765000090013920250816123018.0 a541.3 PHY aChemistry :physical chemistry parts i & ii block2 aNawalabOpen Universityc1984 a310 apsuiic2 aOUSL